| 000 | 00364nam a22001577a 4500 | ||
|---|---|---|---|
| 003 | CEME | ||
| 005 | 20210628204131.0 | ||
| 008 | 210106b xxu||||| |||| 00| 0 eng d | ||
| 040 | _cceme | ||
| 082 | _a005.55 IBM | ||
| 100 |
_aIBM _920614 |
||
| 245 | _aIbm spss statistics base 19 | ||
| 260 |
_aRAWALPINDI _bIBM _c2010 |
||
| 300 | _aXIII, 316P | ||
| 942 |
_cBK _2ddc |
||
| 999 |
_c576328 _d576328 |
||